Statistics for Random History People

Click here to take the quiz!

General Stats

  • This quiz has been taken 8 times
  • The average score is 33 of 50

Answer Stats

HintAnswer% Correct
Jewish Girl who was born in Germany and was a victim of the HolocaustAnne Frank
100%
He discovered AmericaChristopher Columbus
100%
German composer and pianistLudwig van Beethoven
100%
The first person to walk on the MoonNeil Armstrong
100%
The first and founding head of government of Soviet RussiaVladimir Lenin
100%
The greatest writer in the English languageWilliam Shakespeare
100%
Was assassinated by John Wilkes BoothAbraham Lincoln
83%
Queen of England from 1533 to 1536Anne Boleyn
83%
Italian politician and journalist who founded and led the National Fascist PartyBenito Mussolini
83%
Russia longest-ruling female leaderCatherine the Great
83%
The theory of evolutionCharles Darwin
83%
Nicknamed The Virgin QueenElizabeth I
83%
The first president of the United StatesGeorge Washington
83%
Russian mystic and self-proclaimed holy manGrigori Rasputin
83%
He married six timesHenry VIII
83%
A peasant who led the French army during the Hundred Years WarJoan of Arc
83%
Who was stabbed 23 timesJulius Caesar
83%
The author of "Capital" and "The Communist Manifesto"Karl Marx
83%
The central historical figure in the independence of India after the period of colonization by the British RajMahatma Gandhi
83%
The Last queen of France before the French RevolutionMarie Antoinette
83%
The First woman to win a Nobel PrizeMarie Curie
83%
One of the most prominent leaders in the civil rights movementMartin Luther King Jr.
83%
French military and political leaderNapoleon Bonaparte
83%
The emblematic political leader of the anti-apartheid movement in South AfricaNelson Mandela
83%
She refused to give her seat to a white manRosa Parks
83%
Austrian-born German politicianAdolf Hitler
67%
The Emperor of Russia, grand Duke of Finland and King of Poland from 1855 to 1881Alexander II
67%
Man who was accidentally buried aliveAlexander the Great
67%
Successfully created one of the largest empiresAlexander the Great
67%
The first Emperor of the Roman EmpireAugustus
67%
The greatest conquerer of all timeGenghis Khan
67%
He was terribleIvan the terrible
67%
Besides being a famous artist he invented the hydraulic pump, Parachute, Tanks etc.Leonardo da Vinci
67%
One of the three monstrous Gorgons, generally described as winged human females with living venomous snakes in place of hairMedusa
67%
Was the personal tutor for the person aboveAristotle
50%
Wealthiest man to ever liveAugustus Caesar
50%
The last true pharaoh of EgyptCleopatra
50%
The longest-reigning Japanese emperorHirohito
50%
The first-century Jewish preacher and religious leaderJesus
50%
Was the teacher of the person abovePlato
50%
Also known as Vlad DraculaVlad the Impaler
50%
Ruled England, Scotland and Ireland from 1660 to 1685Charles II
33%
A Polish composer and virtuoso pianist of the Romantic periodFrederic Chopin
33%
Was beheaded for plotting to assassinate Elizabeth IMary, Queen of Scots
33%
The last wife of King Henry VIIICatherine Parr
17%
The Father of modern scienceGalileo Galilei
17%
The longest-reigning monarch of a sovereign countryLouis XIV
17%
The first Norman Kind of EnglandWilliam the Conquerer
17%
He prevented England from falling to the DanesAlfred the Great
0%
The ruler who sought to return England to the Catholic ChurchMary I of England
0%

Score Distribution

Percentile by Number Answered

Percent of People with Each Score

Your Score History

You have not taken this quiz